Leggende della Praga vecchia /

Hlavní autor: Wagnerová, Magdalena, 1960-
Další autoři: Esattore, Bruno
Jazyk: Italština
Vydáno: Praha : Pavel Jeřábek - nakladatelství Plot, 2016
Edice: Kořeny (Plot)
Témata:
Fyzický popis: 131 stran : ilustrace ; 19 cm
Knihy
Uloženo v:
LEADER 01566nam a2200457 i 4500
001 nkc20162794394
003 CZ PrNK
005 20160524105952.0
007 ta
008 160516s2016 xr a g 000 f ita
015 |a cnb002794394 
020 |a 978-80-7428-278-2  |q (vázáno) 
035 |a (OCoLC)951554383 
040 |a ABA001  |b cze  |e rda 
041 1 |a ita  |h cze 
043 |a e-xr---  |b e-xr-pg  |2 czenas 
072 7 |a 821.162.3-3  |x Česká próza  |2 Konspekt  |9 25 
080 |a 821.162.3-34  |2 MRF 
080 |a (437.311)  |2 MRF 
080 |a (0:82-34)  |2 MRF 
100 1 |a Wagnerová, Magdalena,  |d 1960-  |7 jo20010086344  |4 aut 
245 1 0 |a Leggende della Praga vecchia /  |c basato sulle leggende tramandate nel corso dei secoli e raccontate da Magdalena Wagnerová ; traduzione: Bruno Esattore 
264 1 |a Praha :  |b Pavel Jeřábek - nakladatelství Plot,  |c 2016 
300 |a 131 stran :  |b ilustrace ;  |c 19 cm 
336 |a text  |b txt  |2 rdacontent 
337 |a bez média  |b n  |2 rdamedia 
338 |a svazek  |b nc  |2 rdacarrier 
490 1 |a Kořeny ;  |v 6. volume 
500 |a Přeloženo z češtiny 
651 7 |a Praha (Česko)  |7 ge118011  |2 czenas 
651 9 |a Prague (Czechia)  |2 eczenas 
655 7 |a české pověsti  |7 fd201456  |2 czenas 
655 9 |a Czech legends  |2 eczenas 
700 1 |a Esattore, Bruno  |4 trl 
830 0 |a Kořeny (Plot)  |0 s 
910 2 |a BOA001  |b 1-1367.404 
928 9 |a Plot 
990 |a BK 
995 |a 01 
991 |b 201605  |c NOV 
996 6 |b 2610670178  |c 1-1367.404  |l MZK  |r Sklad / do 1 hodiny  |n 0  |p p.v.  |w 001560845  |u 000010  |a 1  |e BOA001  |j MZK50  |s P